011320000a22002170004500090001400000245031900014300001000333650003100343650004500374650004000419650003500459651002000494041001400514710007800528110005200606260005000658260001800708942001300726999001700739952015800756 aARb0404510aResolución N° 00497 del 31 de octubre de 1997 emanada del Ministerio de Agricultura por el cual se fija el procedimiento y se establecen los parámetros técnicos que deben cumplir las especies forestales, para su inclusión en el listado de especies beneficiarias del Certificado de Incentivo Forestal. CIF. a15 p.14aRecursos forestales99298414aCertificado de Incentivo Forestal91869114aCaracterización ecológica9454514aLegislación ambiental992309 4pColombia9927490 aEspañol1 aCorporación para el Desarrollo Sostenible del Sur de la Amazonia9978891 lColombia aMinisterio del Medio Ambiente997890 aBogotábMinisterio del Medio Ambientec1997 bCorpoamazonia cARTICULO c13078d13078 001040718HEMEROTECAaBogotabBogotad2015-02-27hFuera de circulaciónl0oAR 04045p017635r2015-03-25 00:00:00t1w2015-03-25xDonaciónyARTICULO